000 00636nam a2200253Ia 4500
005 20260306154502.0
008 008 260114s9999 xx 000 0 eng d
020 _a9781399503594
037 _aEBOOK
040 _aCRL
040 _beng
040 _cCRL
041 _2eng
041 _aeng
084 _qCRL
100 _aSharp
245 0 _aDivination and Philosophy in the Letters of Paul
260 _bEdinburgh University Press
260 _c2023
650 _a Philosophy
856 _uhttps://www.cambridge.org/core/product/identifier/9781399503594/type/BOOK
942 _cEBOOK
999 _c1707709
_d1707709